|
|
|
|
| LEADER |
01548nam a22004094a 4500 |
| 001 |
33057 |
| 003 |
BD-DhAAL |
| 005 |
20211207121502.0 |
| 008 |
180419t2004 enk b 001 0 eng d |
| 999 |
|
|
|c 39257
|d 39257
|
| 010 |
|
|
|a 2003016302
|
| 020 |
|
|
|a 0745629792 (pb : alk. paper)
|
| 020 |
|
|
|a 9780745629797
|
| 020 |
|
|
|a 0745629784 (hb : alk. paper)
|
| 020 |
|
|
|a 9780745629780
|
| 040 |
|
|
|a DLC
|c DLC
|d DLC
|d BD-DhAAL
|
| 042 |
|
|
|a pcc
|
| 050 |
0 |
0 |
|a JC497
|b .K52 2004
|
| 082 |
0 |
0 |
|a 320.011
|2 22
|
| 100 |
1 |
|
|a Kjaer, Anne Mette.
|9 25642
|
| 245 |
1 |
0 |
|a Governance /
|c Anne Mette Kjaer
|
| 260 |
|
|
|a Malden, MA :
|b Polity Press,
|c c2004.
|
| 300 |
|
|
|a x, 240 pages ;
|c 23 cm.
|
| 440 |
|
0 |
|a Key concepts
|9 25643
|
| 504 |
|
|
|a Includes bibliographical references (pages [214]-234) and index.
|
| 526 |
|
|
|a AAL
|
| 541 |
|
|
|e 33057, 33058
|a Trim Education
|
| 650 |
|
0 |
|a Legitimacy of governments.
|9 25644
|
| 650 |
|
0 |
|a Policy networks.
|9 25645
|
| 650 |
|
0 |
|a Economics.
|9 43514
|
| 650 |
|
0 |
|a Corporate governance
|9 25646
|
| 650 |
|
0 |
|a Democracy
|9 25647
|
| 650 |
|
0 |
|a Globalization
|9 25648
|
| 852 |
|
|
|a Ayesha Abed Library
|c General Stacks
|
| 942 |
|
|
|2 ddc
|c BK
|
| 952 |
|
|
|0 0
|1 0
|2 ddc
|4 0
|6 320_011000000000000_KJA
|7 0
|9 63206
|a BRACUL
|b BRACUL
|c GEN
|d 2018-04-17
|e Trim Education
|g 2660.00
|l 0
|o 320.011 KJA
|p 3010033057
|r 2018-04-17
|t 1
|v 2660.00
|w 2018-04-17
|y BK
|
| 952 |
|
|
|0 0
|1 0
|2 ddc
|4 0
|6 320_011000000000000_KJA
|7 0
|9 63207
|a BRACUL
|b BRACUL
|c GEN
|d 2018-04-17
|e Trim Education
|g 2660.00
|l 3
|m 19
|o 320.011 KJA
|p 3010033058
|r 2024-10-16
|s 2022-08-11
|t 2
|v 2660.00
|w 2018-04-17
|y BK
|